Women : (Record no. 65205)

MARC details
000 -LEADER
fixed length control field 00525nam a22001457a 4500
005 - DATE AND TIME OF LATEST TRANSACTION
control field 20120418122139.0
020 ## - INTERNATIONAL STANDARD BOOK NUMBER
International Standard Book Number 8186724004
Terms of availability 400.00
035 ## - SYSTEM CONTROL NUMBER
System control number B-28202
037 ## - SOURCE OF ACQUISITION
Stock number DPL
Source of stock number/acquisition ENG
245 ## - TITLE STATEMENT
Title Women :
Remainder of title Human rights religion and violence /
Statement of responsibility, etc edited by Reicha Tanwar
260 ## - PUBLICATION, DISTRIBUTION, ETC. (IMPRINT)
Place of publication, distribution, etc Kurukshetra
Name of publisher, distributor, etc Nirmal Book Agency
Date of publication, distribution, etc 1998
300 ## - PHYSICAL DESCRIPTION
Extent 241p.
Dimensions 20 cms.
942 ## - ADDED ENTRY ELEMENTS (KOHA)
Source of classification or shelving scheme Dewey Decimal Classification
Item type English Books
Classification part 305.4
Call number suffix WOM
Holdings
Withdrawn status Lost status Not for loan Collection code Home library Current library Date acquired Cost, normal purchase price Full call number Barcode Cost, replacement price Koha item type
      Non-fiction Sarojini Nagar Sarojini Nagar 18/04/2012 400.00 305.4 WOM B-28202 400.00 English Books

© Delhi Public Library
Hit Counter
free hit counter